<?xml version="1.0" encoding="UTF-8"?>
<record
    xmlns:xsi="http://www.w3.org/2001/XMLSchema-instance"
    xsi:schemaLocation="http://www.loc.gov/MARC21/slim http://www.loc.gov/standards/marcxml/schema/MARC21slim.xsd"
    xmlns="http://www.loc.gov/MARC21/slim">

  <leader>01988nas a2200277Ia 4500</leader>
  <controlfield tag="001">R370-R7717</controlfield>
  <controlfield tag="003">IT-CnALBA</controlfield>
  <controlfield tag="008">170116c99999999xx ||||||||||||   ||und||</controlfield>
  <datafield tag="040" ind1=" " ind2=" ">
    <subfield code="a">IT-CnALBA</subfield>
    <subfield code="c">IT-CnALBA</subfield>
  </datafield>
  <datafield tag="041" ind1=" " ind2=" ">
    <subfield code="a">ITALIANO</subfield>
  </datafield>
  <datafield tag="100" ind1=" " ind2=" ">
    <subfield code="a">BRAIDO PIETRO</subfield>
  </datafield>
  <datafield tag="210" ind1=" " ind2=" ">
    <subfield code="a">ORIENTAMENTI PEDAGOGICI</subfield>
  </datafield>
  <datafield tag="222" ind1=" " ind2=" ">
    <subfield code="a">ORIENTAMENTI PEDAGOGICI</subfield>
  </datafield>
  <datafield tag="245" ind1=" " ind2="0">
    <subfield code="a">ORIENTAMENTI PEDAGOGICI. GENNAIO-DICEMBRE 1956. RIVISTA PER EDUCATORI. </subfield>
  </datafield>
  <datafield tag="250" ind1=" " ind2=" ">
    <subfield code="a">1a ed.</subfield>
  </datafield>
  <datafield tag="260" ind1=" " ind2=" ">
    <subfield code="a"> TO BO CT PA</subfield>
    <subfield code="b">SOCIET&#xC0; ED. INTER. </subfield>
    <subfield code="c">1956 [1&#xB0; Ed.:1956 - Ed.Ling.Originale: 1956]</subfield>
  </datafield>
  <datafield tag="300" ind1=" " ind2=" ">
    <subfield code="a">872 p. </subfield>
  </datafield>
  <datafield tag="310" ind1=" " ind2=" ">
    <subfield code="a">BIMESTRALE</subfield>
  </datafield>
  <datafield tag="362" ind1=" " ind2=" ">
    <subfield code="a">Fascicolo: 1-6 / Anno: 3 (1956)</subfield>
  </datafield>
  <datafield tag="500" ind1=" " ind2=" ">
    <subfield code="a">INDICE ANNATA. ARTICOLI NOTE E DISCUSSIONI. CORRISPONDENZE E COMMENTI. RASSEGNA RIVISTE. CARTELLO PSICO CLINICHE. RECENSIONI. COSTRUIRE. LEALTA' CEMENTO DELLA PERSONALIT&#xC0;. AMATO A. TITONE R. SIMONCELLI M. GRASSO P. G. SINISTRERO V. GIANOLA P. INSEGNAMENTO DELLA LINGUA STRANIERA NELLA SCUOLA ITALIANA. RUDOLF ALLERS, FILOSOFO E PSICOLOGO DEL CARATTERE. TECNICHE APPRENDIMENTO SOCIALIZZATO NELLA SCUOLA AMERICANA. ANTONIO ROSMINI PEDAGOGISTA. E TV. PROBLEMATICA SETTIMANA SOCIALE TRENTO SULLA SCUOLA. CONVEGNO DI SCHOL&#xC8;. BILANCIO PUBBLICA ISTRUZIONE IN PARLAMENTO. </subfield>
  </datafield>
  <datafield tag="501" ind1=" " ind2=" ">
    <subfield code="a">Societ&#xE0; San Paolo EM - Piazza San Paolo, 14 - 12051 ALBA (CN)  (non commercial uses only) &#xAE; Copyright 2017</subfield>
  </datafield>
  <datafield tag="520" ind1=" " ind2=" ">
    <subfield code="a">INDICE ANNATA. ARTICOLI NOTE E DISCUSSIONI. CORRISPONDENZE E COMMENTI. RASSEGNA RIVISTE. CARTELLO PSICO CLINICHE. RECENSIONI. COSTRUIRE. LEALTA' CEMENTO DELLA PERSONALIT&#xC0;. AMATO A. TITONE R. SIMONCELLI M. GRASSO P. G. SINISTRERO V. GIANOLA P. INSEGNAMENTO DELLA LINGUA STRANIERA NELLA SCUOLA ITALIANA. RUDOLF ALLERS, FILOSOFO E PSICOLOGO DEL CARATTERE. TECNICHE APPRENDIMENTO SOCIALIZZATO NELLA SCUOLA AMERICANA. ANTONIO ROSMINI PEDAGOGISTA. E TV. PROBLEMATICA SETTIMANA SOCIALE TRENTO SULLA SCUOLA. CONVEGNO DI SCHOL&#xC8;. BILANCIO PUBBLICA ISTRUZIONE IN PARLAMENTO. </subfield>
  </datafield>
  <datafield tag="650" ind1=" " ind2=" ">
    <subfield code="a">EDUCAZIONE</subfield>
  </datafield>
  <datafield tag="942" ind1=" " ind2=" ">
    <subfield code="c">CR</subfield>
  </datafield>
  <datafield tag="957" ind1=" " ind2=" ">
    <subfield code="7">1</subfield>
  </datafield>
  <datafield tag="999" ind1=" " ind2=" ">
    <subfield code="a">59284</subfield>
    <subfield code="b">NO</subfield>
    <subfield code="g">1</subfield>
    <subfield code="c">326311</subfield>
    <subfield code="d">326311</subfield>
  </datafield>
  <datafield tag="952" ind1=" " ind2=" ">
    <subfield code="0">0</subfield>
    <subfield code="1">0</subfield>
    <subfield code="4">0</subfield>
    <subfield code="6">R_370R7717</subfield>
    <subfield code="7">1</subfield>
    <subfield code="a">ALBA</subfield>
    <subfield code="b">ALBA</subfield>
    <subfield code="d">2017-01-16</subfield>
    <subfield code="l">0</subfield>
    <subfield code="o">R370-R7717</subfield>
    <subfield code="r">2017-01-16 00:00:00</subfield>
    <subfield code="w">2017-01-16</subfield>
    <subfield code="y">CR</subfield>
    <subfield code="z">(data import: 16 gennaio 2017) - By Epidotti, Vaglietti. </subfield>
  </datafield>
</record>
